000 00228nam a2200097 a 4500
005 20200930070552.0
008 110913s2005 000 spa d
245 0 _aLes cheveux blancs.
260 _aParis,
_c2005.
999 _c33339
_d33339
040 _aDO-SdBNP